|
|
|
|
| LEADER |
00000nam0a2200000 4500 |
| 001 |
376989 |
| 005 |
20231102012853.0 |
| 020 |
|
|
|a RU
|b 82-14652ж
|
| 035 |
|
|
|a (RuTPU)RU\TPU\retro\34433
|
| 035 |
|
|
|a RU\TPU\book\319855
|
| 090 |
|
|
|a 376989
|
| 100 |
|
|
|a 20230201d1970 k y0rusy5003 ca
|
| 101 |
0 |
|
|a rus
|
| 102 |
|
|
|a RU
|
| 105 |
|
|
|a a z 001zy
|
| 200 |
1 |
|
|a Геология и калиеносность Сибирской платформы и других районов соленакопления СССР
|f Академия наук СССР (АН СССР), Сибирское отделение (СО), Институт геологии и геофизики (ИГиГ) ; отв. ред. М. А. Жарков, А. Л. Яншин
|
| 210 |
|
|
|a Москва
|c Наука
|d 1970
|
| 215 |
|
|
|a 288 с.
|c ил.
|
| 225 |
1 |
|
|a Труды института геологии и геофизики
|v Вып. 116
|
| 320 |
|
|
|a Библиогр. в конце ст.
|
| 606 |
1 |
|
|a Калийные соли
|x Месторождения
|2 stltpush
|3 (RuTPU)RU\TPU\subj\13532
|9 40124
|
| 610 |
1 |
|
|a геология
|
| 610 |
1 |
|
|a Сибирская платформа
|
| 610 |
1 |
|
|a литология
|
| 610 |
1 |
|
|a геохимия
|
| 610 |
1 |
|
|a бороносные породы
|
| 610 |
1 |
|
|a рассолы
|
| 610 |
1 |
|
|a перспективы
|
| 610 |
1 |
|
|a Припятская впадина
|
| 610 |
1 |
|
|a Средняя Азия
|
| 610 |
1 |
|
|a соленакопление
|
| 675 |
|
|
|a 553.632
|v 3
|
| 702 |
|
1 |
|a Жарков
|b М. А.
|4 340
|
| 702 |
|
1 |
|a Яншин
|b А. Л.
|4 340
|
| 712 |
0 |
2 |
|a Академия наук СССР (АН СССР)
|b Сибирское отделение (СО)
|b Институт геологии и геофизики (ИГиГ)
|c (Новосибирск)
|2 stltpush
|3 (RuTPU)RU\TPU\col\128
|
| 801 |
|
0 |
|a RU
|b RuMRKP
|c 19950704
|g psbo
|
| 801 |
|
1 |
|a RU
|b 63413507
|c 20150516
|
| 801 |
|
2 |
|a RU
|b 63413507
|c 20230201
|g RCR
|
| 942 |
|
|
|c BK
|